| 000 | 00668na a2200265 4500 | ||
|---|---|---|---|
| 001 | 21768 | ||
| 003 | MIRAKIL | ||
| 005 | 20181213155212.0 | ||
| 008 | 170207b tu 000 0 | ||
| 040 |
_aMilas _btur _cTR-AnCHP |
||
| 041 | _atur | ||
| 082 |
_a342.02 _bT12a 1982 |
||
| 090 | _a342.02 T12a 1982 | ||
| 110 | _aT.C. Anayasa | ||
| 240 | _a[Anayasa 1982] | ||
| 245 |
_aAnayasa 1982 _c[TBMM] |
||
| 250 | _a3. bs. | ||
| 260 |
_aAnkara _bYasa Yayınları _c1982 |
||
| 300 |
_a158 s. _c17 s. |
||
| 650 | _aAnayasa, 1982 | ||
| 650 |
_aAnayasa hukuku _zTürkiye |
||
| 710 | _aTürkiye Büyük Millet Meclisi | ||
| 740 | _aAnayasa 1982 | ||
| 942 |
_2ddc _cBKS |
||
| 999 |
_c8436 _d8436 |
||